Normal view
MARC view
- مؤتمر التعليم في القدس : الواقع والمأمول )1: 2010 : القدس
Entry Personal Name
001 - CONTROL NUMBER
- control field: 31914
003 - CONTROL NUMBER IDENTIFIER
- control field: JO-AjAnu
005 - DATE AND TIME OF LATEST TRANSACTION
- control field: 20230606075352.0
008 - FIXED-LENGTH DATA ELEMENTS
- fixed length control field: 230606|| aca||aabn | a|a d
040 ## - CATALOGING SOURCE
- Original cataloging agency: JO-AjAnu
- Transcribing agency: JO-AjAnu
100 ## - HEADING--PERSONAL NAME
- Personal name: مؤتمر التعليم في القدس : الواقع والمأمول )1: 2010 : القدس
670 ## - SOURCE DATA FOUND
- Source citation: Work cat.: (JO-AjAnu)16387: مؤتمر التعليم في القدس : الواقع والمأمول )1: 2010 : القدس, author, بحوث المؤتمر الأول لمؤسسة ساعد للاستشارات التربوية التعليم في القدس: الواقع والمأمول